| 000 | 00329nam a22001337a 4500 | ||
|---|---|---|---|
| 003 | SGT | ||
| 082 | _a617.7, A14G | ||
| 100 | _aGARG, ASHOK | ||
| 245 | _aANTERIOR & POSTERIOR SEGMENT OCT: CURRENT TECHNOLOGY & FUTURE APPLICATION | ||
| 260 |
_aINDIA _bJAYPEE _c2014 |
||
| 300 | _a288 | ||
| 650 | _aOPHTHALMOLOGY | ||
| 942 |
_2ddc _cBK |
||
| 999 |
_c9072 _d9072 |
||